000 00380nam a2200157Ia 4500
008 230711s9999||||xx |||||||||||||| ||und||
041 _aENG
082 _a540
_bEY-L
100 _aDavid Burnie
245 0 _aLife (eyewitness science) 
250 _a1st Ed.
260 _c1994
_aLondon
_bDorling Kindersley Publishers Ltd 
300 _a64
650 _aLiterature
942 _cBK
999 _c2794
_d2794